History Quiz

Random History or Europe Quiz

Famous European Monarchs (1500-1800) Quiz Stats

 Plays Quiz Updated Jun 4, 2015

Also try: Who Was Monarch?
Challenge
Share
Tweet
Embed
Score 0/18 Timer 05:00
3 Plays Today
Hint Monarch % Correct
Notable for his many marriages, this English king's marital issues became so rampant that he was excommunicated by Pope Paul III and founded the Church of England.Henry VIII of England
87.5%
Last monarch of the Tudor dynasty, the 'Virgin Queen' saw during her reign the rise of Shakespeare, the great exploits of Sir Francis Drake, and the defeat of the Spanish Armada.Elizabeth I of England
86.6%
The 'Sun King,' this king of France led his nation to become the leading power of Europe; he also commissioned the construction of the Palace of Versailles.Louis XIV
86.5%
Founder of the city of St. Petersburg, this Russian ruler vastly expanded his tsardom and formed it into a great world power.Peter the Great
85.2%
This German-born queen of Russia heralded in a Golden Age for her empire, oversaw the first colonization of Alaska, and was notable for her many affairs.Catherine the Great
81%
His failures to successfully reform France in the early years of his reign led to the onset of the French Revolution, ultimately leading to his and his wife's execution.Louis XVI
80.9%
The namesake of the Philippines, this Spanish king nevertheless saw the declaration of independence by the Netherlands and the defeat of the Spanish Armada.Philip II of Spain
79.9%
Though he would lose his nation's major colonial possessions in the Americas, this British king also presided over the eventual defeat of Napoleon many decades later.George III of Great Britain
78.5%
This king was the last British monarch to personally lead his troops into battle. He was domestically incompetent, however.George II of Great Britain
71.2%
Hint Monarch % Correct
The quintessential 'enlightened despot,' this Prussian king was known both for his tactical brilliance and his policies that helped his kingdom become a Great Power.Frederick the Great
53.8%
Much of this Spanish king (and Holy Roman Emperor's) reign was dedicated to defeating both Protestantism and France in the Italian Wars, as well as the colonization of the AmericasCharles I of Spain (Charles V, Holy Roman Emperor)
49.7%
This Sultan of the Ottoman Empire personally led his armies to great victory in Eastern Europe before finally being stopped during the Siege of Vienna.Suleiman the Magnificent
49.5%
Ruling alongside her son as Holy Roman Empress of Austria, she saw the loss of the Silesia region to her northern rival; she also passed many educational and economic reforms.Maria Theresa
42.9%
This Swedish king became a champion of Protestantism in the Thirty Years' War, leading Sweden to many victories before dying at the battlefield of L├╝tzen.Gustavus Adolphus the Great
38.5%
The brother of Maria Antoinette, this Holy Roman Emperor of Austria attempted to pass many major reforms, almost all of which eventually failed.Joseph II of Austria
32%
'The Great Elector,' this monarch of Brandenburg-Prussia destroyed the myth of Swedish invincibility, while also laying the foundation for his kingdom's proud military tradition.Frederick William I
19.7%
Though almost all of his reign was plagued by the Great Northern War, this Swedish king experienced early military successes before being shot and killed in Norway.Charles XII of Sweden
19.3%
This famed king of Poland-Lithuania was pivotal in the Holy League's victory over the Ottoman Turks at the Siege of Vienna.John III Sobieski
14.8%

You're not logged in!

Compare scores with friends on all Sporcle quizzes.
OR
Log In

You Might Also Like...

Show Comments

Extras

Top Quizzes Today


Score Distribution

Your Account Isn't Verified!

In order to create a playlist on Sporcle, you need to verify the email address you used during registration. Go to your Sporcle Settings to finish the process.

Report this User

Report this user for behavior that violates our Community Guidelines.

Details: